Rolling Stone's 50 Best Songs Of The 1990's - Statistics

General Stats
  • This quiz has been taken 134 times
  • The average score is 15 of 50
Answer Stats
Hint Answer % Correct
Smells Like Teen Spirit Nirvana
100%
Wonderwall Oasis
94%
No Scrubs TLC
86%
Loser Beck
73%
Nuthin' But A G Thang Dr Dre & Snoop Dogg
70%
Mo Money Mo Problems Notorious B.I.G ft Mase & Puff Daddy
69%
1979 The Smashing Pumpkins
68%
The Sign Ace Of Base
67%
Baby Got Back Sir Mix-A-Lot
64%
Torn Natalie Imbruglia
62%
Common People Pulp
47%
Around The World Daft Punk
44%
No Diggity Blackstreet
43%
Rosa Parks OutKast
43%
If It Makes You Happy Sheryl Crow
43%
Nightswimming REM
40%
Self Esteem The Offspring
37%
The Rain (Supa Dupa Fly) Missy Elliott
31%
Doll Parts Hole
30%
Flagpole Sitta Harvey Danger
29%
Glory Box Portishead
29%
You Get What You Give New Radicals
28%
I'll Be Foxy Brown & Jay-Z
26%
Sure Shot Beastie Boys
25%
Cannonball The Breeders
21%
Damn I Wish I Was Your Lover Sophie B Hawkins
20%
Alright Supergrass
20%
Born Slippy Underworld
20%
Shook Ones Pt II Mobb Deep
18%
Pink Triangle Weezer
18%
Are You That Somebody Aaliyah
14%
Still Not A Player Big Pun ft Joe
14%
Sometimes Britney Spears
14%
Rebel Girl Bikini Kill
12%
Don't Let Go (Love) En Vogue
12%
Queer Garbage
12%
Paper Bag Fiona Apple
9%
Mind Playing Tricks On Me Geto Boys
9%
Crush On You (Remix) Lil Kim & Lil Cease
6%
Fuck And Run Liz Phair
6%
Gold Soundz Pavement
6%
Heartbreak Hotel Whitney Houston ft Faith Evans & Kelly Price
6%
Fotos Y Recuerdos Selena
5%
Random Rules Silver Jews
4%
Brand New Love Sebadoh
3%
Brooklyn Zoo Ol' Dirty Bastard
2%
Get Up Sleater-Kinney
2%
Cybele's Reverie Stereolab
2%
Flashlight Fuzzy
1%
XXX Helium
1%
No matching quizzes found
Score Distribution
Percent of People with Each Score
Percentile by Number Answered
Your Score History
You have not taken this quiz